| Tag |
First Indicator |
Second Indicator |
Subfields |
| LEADER |
00000cam a2200000 a 4500 |
| 001 |
in00001404834 |
| 005 |
20151020064022.0 |
| 008 |
960719s1997 nyu 000 1 eng |
| 010 |
|
|
|a 96030646
|
| 015 |
|
|
|a C97-13437-1
|
| 020 |
|
|
|a 0312858477 (acid-free paper)
|
| 035 |
|
|
|a (OCoLC)35128120
|
| 035 |
|
|
|9 AHP4330AM
|
| 040 |
|
|
|a DLC
|c DLC
|d NLC
|d TXA
|d UtOrBLW
|
| 049 |
|
|
|a TXAM
|
| 050 |
0 |
0 |
|a PR9199.3.D357
|b T73 1997
|
| 082 |
0 |
0 |
|a 813/.54
|2 20
|
| 100 |
1 |
|
|a De Lint, Charles,
|d 1951-
|
| 245 |
1 |
0 |
|a Trader /
|c Charles de Lint.
|
| 250 |
|
|
|a 1st ed.
|
| 264 |
|
1 |
|a New York :
|b Tor,
|c 1997.
|
| 300 |
|
|
|a 352 pages ;
|c 24 cm.
|
| 336 |
|
|
|a text
|b txt
|2 rdacontent
|
| 337 |
|
|
|a unmediated
|b n
|2 rdamedia
|
| 338 |
|
|
|a volume
|b nc
|2 rdacarrier
|
| 500 |
|
|
|a "A Tom Doherty Associates book."
|
| 500 |
|
|
|a "February 1997."
|
| 650 |
|
0 |
|a Identity (Psychology)
|v Fiction.
|
| 650 |
|
0 |
|a Guitar makers
|x Fiction.
|
| 655 |
|
7 |
|a Fantasy fiction.
|2 gsafd
|
| 655 |
|
7 |
|a Bildungsromans.
|2 gsafd
|
| 948 |
|
|
|a c:jh
|
| 999 |
|
|
|a MARS
|
| 999 |
f |
f |
|s 0752d8ac-9a0a-328c-9e3a-353df18c88cb
|i 1467ad8c-5665-3db5-8e58-3be282b89cd0
|t 0
|
| 952 |
f |
f |
|p normal
|a Texas A&M University
|b College Station
|c Sterling C. Evans Library
|d Evans: Library Stacks
|t 0
|e PR9199.3.D357 T73 1997
|h Library of Congress classification
|i unmediated -- volume
|m A14823389014
|
| 952 |
f |
f |
|p ric
|a Texas A&M University
|b Rellis Campus
|c Joint Library Facility
|d Remote Storage
|t 0
|e PR9199.3.D357 T73 1997
|h Library of Congress classification
|i unmediated -- volume
|m A14823390641
|
| 998 |
f |
f |
|a PR9199.3.D357 T73 1997
|t 0
|l Remote Storage
|
| 998 |
f |
f |
|a PR9199.3.D357 T73 1997
|t 0
|l Evans: Library Stacks
|